Statistics for A to Z - Elements by name and symbol

Click here to take the quiz!

General Stats

  • This quiz has been taken 113 times
  • The average score is 45 of 49

Answer Stats

hintanswer% Correct
BBarium; Berkelium; Beryllium; Bismuth; Bohrium; Boron; Bromine
100%
BBoron; Barium; Beryllium; Bohrium; Bismuth; Berkelium; Bromine
100%
AActinium; Aluminium; Americium; Antimony; Argon; Arsenic; Astatine
99%
Ca-CeCadmium; Calcium; Californium; Carbon; Cerium; Cesium
99%
NNitrogen; Sodium; Niobium; Neodymium; Neon; Nickel; Nobelium; Neptunium
99%
SSulfur; Antimony; Scandium; Selenium; Seaborgium; Silicon; Samarium; Tin; Strontium
99%
AActinium; Silver; Aluminium; Americium; Argon; Arsenic; Astatine; Gold
99%
NNeodymium; Neon; Neptunium; Nickel; Niobium; Nitrogen; Nobelium
99%
SSamarium; Scandium; Seaborgium; Selenium; Silicon; Silver; Sodium; Strontium; Sulfur
99%
PPalladium; Phosphorus; Platinum; Plutonium; Polonium; Potassium; Praseodymium; Promethium; Protactinium
98%
KPotassium; Krypton
98%
FFluorine; Iron; Flerovium; Fermium; Francium
98%
Ca-CeCarbon; Calcium; Cadmium; Cerium
98%
IIndium; Iodine; Iridium; Iron
98%
LLanthanum; Lawrencium; Lead; Lithium; Livermorium; Lutetium
98%
OOxygen; Osmium
97%
MMagnesium; Manganese; Meitnerium; Mendelevium; Mercury; Molybdenum
97%
OOsmium; Oxygen
97%
Cf-CzCalifornium; Chlorine; Curium; Copernicium; Cobalt; Chromium; Cesium; Copper
96%
TTantalum; Technetium; Tellurium; Terbium; Thallium; Thorium; Thulium; Tin; Titanium; Tungsten
96%
LLanthanum; Lithium; Lawrencium; Lutetium; Livermorium
96%
GGadolinium; Gallium; Germanium; Gold
96%
UUranium
95%
PPhosphorus; Protactinium; Lead; Palladium; Promethium; Polonium; Praseodymium; Platinum; Plutonium
95%
XXenon
95%
FFermium; Flerovium; Fluorine; Francium
94%
RRadium; Rubidium; Rhenium; Rutherfordium; Roentgenium; Rhodium; Radon; Ruthenium
94%
MMendelevium; Magnesium; Manganese; Molybdenum; Meitnerium
94%
RRadium; Radon; Rhenium; Rhodium; Roentgenium; Rubidium; Ruthenium; Rutherfordium
94%
ZZinc; Zirconium
93%
HHafnium; Hassium; Helium; Holmium; Hydrogen
93%
HHydrogen; Helium; Hafnium; Mercury; Holmium; Hassium
93%
KKrypton
92%
IIodine; Indium; Iridium
91%
Cf-CzChlorine; Chromium; Cobalt; Copernicium; Copper; Curium
91%
GGallium; Gadolinium; Germanium
90%
VVanadium
88%
TTantalum; Terbium; Technetium; Tellurium; Thorium; Titanium; Thallium; Thulium
86%
WTungsten
86%
YYtterbium; Yttrium
82%
EErbium; Einsteinium; Europium
82%
EEinsteinium; Erbium; Europium
82%
YYttrium; Ytterbium
82%
DDubnium; Darmstadtium; Dysprosium
65%
DDarmstadtium; Dubnium; Dysprosium
65%

Score Distribution

Percentile by Number Answered

Percent of People with Each Score

Your Score History

You have not taken this quiz